[Event "France - Open A"]
[Site "Chartres"]
[Date "2019.08.19"]
[Round "3.13"]
[White "Spitz, Patrick"]
[Black "Valentin, Rene"]
[Result "1-0"]
[WhiteElo "2008"]
[BlackElo "2076"]
[PlyCount "83"]
[EventDate "2019.08.??"]
[EventType "swiss"]
[EventRounds "9"]
[EventCountry "FRA"]
[WhiteTeam "Cavalier de la Tourelle Saint-Mande"]
[BlackTeam "C'Chartres Echecs"]

1. e4 c5 2. Nf3 e6 3. d4 cxd4 4. Nxd4 Nc6 5. Nc3 Qc7 6. Be2 Nf6 7. O-O a6 8. a3
Nxd4 9. Qxd4 Bc5 10. Qd3 b5 11. Bf3 Rb8 12. Bg5 Bd6 13. g3 Be5 14. Nd1 Bb7 15.
c3 O-O 16. Ne3 h6 17. Bxf6 Bxf6 18. Rad1 Rfd8 19. Rfe1 d6 20. Bg2 Qc5 21. Ng4
Be7 22. Qd4 Kf8 23. Qxc5 dxc5 24. Ne5 Ke8 25. Kf1 Rxd1 26. Rxd1 Rd8 27. Rxd8+
Bxd8 28. Nd3 Be7 29. e5 Bxg2+ 30. Kxg2 c4 31. Nb4 Bxb4 32. cxb4 f5 33. exf6
gxf6 34. Kf3 Kf7 35. Ke4 Ke7 36. g4 Kd6 37. f4 Ke7 38. h4 Kf7 39. Kd4 h5 40. g5
Kg6 41. gxf6 Kxf6 42. Ke4 1-0

[Event "France - Open A"]
[Site "Chartres"]
[Date "2019.08.19"]
[Round "3.14"]
[White "Perradin, Vincent"]
[Black "Tarin, Nicolas"]
[Result "0-1"]
[WhiteElo "1982"]
[BlackElo "2073"]
[PlyCount "80"]
[EventDate "2019.08.??"]
[EventType "swiss"]
[EventRounds "9"]
[EventCountry "FRA"]
[WhiteTeam "Echecs Club de Villeurbanne"]
[BlackTeam "Le Cavalier Noir d'Arras"]

1. e4 c5 2. Nf3 e6 3. d4 cxd4 4. Nxd4 Nf6 5. Nc3 Nc6 6. Be3 Bb4 7. Bd3 d5 8.
Nxc6 bxc6 9. exd5 cxd5 10. Bd2 O-O 11. O-O e5 12. f3 Rb8 13. Rb1 Re8 14. a3 Bd6
15. Bg5 Be6 16. Kh1 Be7 17. Bb5 Rf8 18. Bxf6 Bxf6 19. Qe2 Qc7 20. Rfd1 Rfd8 21.
Ba4 d4 22. Ne4 Ba2 23. Nxf6+ gxf6 24. Rbc1 Bc4 25. Qe4 Rxb2 26. Bc6 Be6 27. Ba4
Qa5 28. Bc6 Rc8 29. c3 f5 30. Qh4 Rxc6 31. Qg5+ Kf8 32. Qh6+ Ke8 33. Qxh7 Rxc3
34. Qh8+ Ke7 35. Rxc3 dxc3 36. Qh4+ f6 37. Qh7+ Bf7 38. Qxf5 Rd2 39. Rc1 Qxa3
40. Qb1 Qb2 0-1

[Event "France - Open A"]
[Site "Chartres"]
[Date "2019.08.19"]
[Round "3.15"]
[White "Berger Dit Lacroix, Kilian"]
[Black "Bergougnoux, Axel"]
[Result "1-0"]
[WhiteElo "1967"]
[BlackElo "2064"]
[PlyCount "87"]
[EventDate "2019.08.??"]
[EventType "swiss"]
[EventRounds "9"]
[EventCountry "FRA"]
[WhiteTeam "Echecs Club de Corbas"]
[BlackTeam "Cannes Echecs"]

1. e4 e5 2. Nf3 Nc6 3. d4 exd4 4. Nxd4 Bc5 5. Be3 Qf6 6. c3 Nge7 7. g3 d6 8.
Bg2 Nxd4 9. cxd4 Bb6 10. Nc3 c6 11. O-O O-O 12. f4 d5 13. f5 Qd6 14. e5 Qb4 15.
g4 f6 16. a3 Qxb2 17. Na4 Qb5 18. Rb1 Qa5 19. e6 Bd8 20. Rf3 b5 21. Nc5 Qb6 22.
Qe1 g5 23. h4 h6 24. hxg5 hxg5 25. Rh3 Kg7 26. Qd2 Ng8 27. Bf3 Qc7 28. Qg2 Re8
29. Kf2 Kf8 30. Rbh1 Re7 31. Rh8 Rg7 32. R1h6 a5 33. Qh3 Ra7 34. Qh5 b4 35. a4
Qe7 36. Nd3 Qe8 37. Qh2 Qe7 38. Ne5 Bc7 39. Ng6+ Ke8 40. Nxe7 Bxh2 41. Nxg8 Bc7
42. Nxf6+ Ke7 43. Nh5 b3 44. f6+ 1-0

[Event "France - Open A"]
[Site "Chartres"]
[Date "2019.08.19"]
[Round "3.16"]
[White "Robert, Yoann"]
[Black "Eche, Sylvain"]
[Result "1-0"]
[WhiteElo "1966"]
[BlackElo "2058"]
[PlyCount "63"]
[EventDate "2019.08.??"]
[EventType "swiss"]
[EventRounds "9"]
[EventCountry "FRA"]
[WhiteTeam "Club d'Echecs de Sautron"]
[BlackTeam "C'Chartres Echecs"]

1. b3 d5 2. e3 e5 3. Bb2 Bd6 4. f4 Qe7 5. Nf3 Bg4 6. Be2 Nd7 7. O-O Ngf6 8. h3
Bxf3 9. Bxf3 O-O-O 10. c4 exf4 11. exf4 Bxf4 12. Nc3 Qc5+ 13. Kh1 Be5 14. cxd5
h5 15. Rc1 Qb4 16. d4 Bg3 17. Ne2 Qd6 18. Ba3 Qxa3 19. Nxg3 Ng4 20. Bxg4 hxg4
21. Qxg4 Kb8 22. Qf4 Rc8 23. Qxf7 Nf6 24. Qxg7 Nxd5 25. Qe5 Rcd8 26. Rc5 Qxa2
27. Rxd5 Qxb3 28. Rxd8+ Rxd8 29. Qe7 Kc8 30. Ne4 Qc4 31. Rf7 b6 32. Nc5 1-0

[Event "France - Open A"]
[Site "Chartres"]
[Date "2019.08.19"]
[Round "3.17"]
[White "De Lussac, Rainier"]
[Black "Bellaiche, Elise"]
[Result "1/2-1/2"]
[WhiteElo "2164"]
[BlackElo "1996"]
[PlyCount "68"]
[EventDate "2019.08.??"]
[EventType "swiss"]
[EventRounds "9"]
[EventCountry "FRA"]
[WhiteTeam "Cercle d'Echecs de Nantes"]
[BlackTeam "Cercle d'Echecs de Villepinte"]

1. d4 Nf6 2. c4 e6 3. Nf3 Bb4+ 4. Nbd2 O-O 5. a3 Be7 6. e4 d6 7. Be2 Nbd7 8.
O-O e5 9. Re1 a5 10. b3 Re8 11. Bb2 Bf8 12. Bf1 c6 13. Qc2 Qc7 14. Rad1 b6 15.
Nb1 Bb7 16. Nc3 exd4 17. Nxd4 Rad8 18. g3 d5 19. exd5 Rxe1 20. Rxe1 cxd5 21.
Ndb5 Qc8 22. cxd5 Nxd5 23. Bd3 N5f6 24. Na4 Qxc2 25. Bxc2 Bc6 26. Nd4 Bb7 27.
Nf5 b5 28. Nc3 b4 29. axb4 Bxb4 30. Re2 Ba6 31. Re3 Ng4 32. Re4 Ndf6 33. Rd4
Rxd4 34. Nxd4 Ne5 1/2-1/2

[Event "France - Open A"]
[Site "Chartres"]
[Date "2019.08.19"]
[Round "3.18"]
[White "Vedovotto, Nicolas"]
[Black "Gourbiere, Yohan"]
[Result "1-0"]
[WhiteElo "2199"]
[BlackElo "2040"]
[PlyCount "37"]
[EventDate "2019.08.??"]
[EventType "swiss"]
[EventRounds "9"]
[EventCountry "FRA"]
[WhiteTeam "L'Echiquier Châlonnais"]
[BlackTeam "Echecs Club Montpellier"]

1. Nc3 d5 2. e4 d4 3. Nce2 e5 4. Ng3 Be6 5. Nf3 f6 6. b3 Bc5 7. Bc4 Bxc4 8.
bxc4 d3 9. O-O Ne7 10. Rb1 Nbc6 11. Rb3 dxc2 12. Qxc2 b6 13. d3 g6 14. Be3 Qd6
15. Rd1 O-O 16. Rb5 Nb4 17. Qb3 a6 18. Bxc5 bxc5 19. Rxb4 1-0

[Event "France - Open A"]
[Site "Chartres"]
[Date "2019.08.19"]
[Round "3.19"]
[White "Galloux, Maxime"]
[Black "Girardon, Jerome"]
[Result "0-1"]
[WhiteElo "2039"]
[BlackElo "2164"]
[PlyCount "110"]
[EventDate "2019.08.??"]
[EventType "swiss"]
[EventRounds "9"]
[EventCountry "FRA"]
[WhiteTeam "Tour Blanche Echecs"]
[BlackTeam "Gueugnon Echecs"]

1. e4 c5 2. Nf3 d6 3. d4 cxd4 4. Nxd4 Nf6 5. Nc3 g6 6. Be3 Bg7 7. f3 Nc6 8. Qd2
h5 9. Bc4 Bd7 10. O-O-O Ne5 11. Bb3 Rc8 12. Kb1 Nc4 13. Bxc4 Rxc4 14. Nde2 Qa5
15. Bd4 Kf8 16. h3 h4 17. f4 Rh5 18. Rhf1 Be6 19. f5 gxf5 20. Nf4 Rxd4 21.
Nxe6+ fxe6 22. Qxd4 Nd5 23. Qc4 Nxc3+ 24. bxc3 Qxc3 25. Qxc3 Bxc3 26. Rd3 Bf6
27. exf5 exf5 28. Rd5 Be5 29. Ra5 a6 30. Ra4 e6 31. Rc4 Rh7 32. Rc8+ Kf7 33.
Rf3 Kf6 34. Rb3 Bd4 35. Rg8 b6 36. Kc1 d5 37. a4 a5 38. Rb5 Rc7 39. Rb3 Rc4 40.
Ra3 Bc5 41. Ra1 d4 42. Kd2 e5 43. g4 hxg3 44. Rxg3 f4 45. Rg4 Bb4+ 46. Kd1 Rc3
47. h4 Rh3 48. Ke2 Kf5 49. Rag1 f3+ 50. Kf2 e4 51. Rg5+ Ke6 52. Rg6+ Kd5 53.
Rxb6 Bd2 54. Rb5+ Kc4 55. Rg6 Be3+ 0-1

[Event "France - Open A"]
[Site "Chartres"]
[Date "2019.08.19"]
[Round "3.20"]
[White "Sabatier, Mathis"]
[Black "Jaulin, Marc"]
[Result "1/2-1/2"]
[WhiteElo "2152"]
[BlackElo "2038"]
[PlyCount "60"]
[EventDate "2019.08.??"]
[EventType "swiss"]
[EventRounds "9"]
[EventCountry "FRA"]
[WhiteTeam "Echecs Club de Corbas"]
[BlackTeam "Echiquier de Franconville"]

1. d4 Nf6 2. c4 c5 3. d5 e5 4. Nc3 d6 5. e4 Nbd7 6. Be2 Be7 7. Nf3 O-O 8. O-O
Ne8 9. a3 g6 10. Bh6 Ng7 11. Qd2 Nf6 12. b4 b6 13. Ne1 Kh8 14. Nd3 Ng8 15. Be3
f5 16. f4 exf4 17. Bxf4 g5 18. Be3 f4 19. Bf2 Bf6 20. bxc5 bxc5 21. Rab1 Qe7
22. Nb5 Ba6 23. Bf3 Bxb5 24. cxb5 Nh6 25. e5 Bxe5 26. Rfe1 Nf7 27. h4 h6 28.
Qc2 Qf6 29. b6 axb6 30. Rxb6 Qd8 1/2-1/2

[Event "France - Open A"]
[Site "Chartres"]
[Date "2019.08.19"]
[Round "3.21"]
[White "Spitz, Christophe"]
[Black "Juran, Baptiste"]
[Result "1/2-1/2"]
[WhiteElo "2147"]
[BlackElo "2038"]
[PlyCount "150"]
[EventDate "2019.08.??"]
[EventType "swiss"]
[EventRounds "9"]
[EventCountry "FRA"]
[WhiteTeam "U.S. Orléans.Echecs"]
[BlackTeam "Cercle d'Echecs de Villepinte"]

1. e4 e6 2. d4 d5 3. e5 c5 4. c3 Nc6 5. Nf3 Bd7 6. Be2 Qb6 7. O-O cxd4 8. cxd4
Nge7 9. Nc3 Nf5 10. Na4 Qa5 11. Bd2 Qd8 12. Be3 Qa5 13. Nc3 h6 14. a3 Nxe3 15.
fxe3 a6 16. b4 Qd8 17. Rc1 Ne7 18. Bd3 Nc8 19. Nd2 g6 20. Qf3 Qe7 21. e4 dxe4
22. Bxe4 Rb8 23. Bxb7 Bg7 24. Bxa6 O-O 25. Nde4 Rd8 26. Bxc8 Bxc8 27. Nd6 Rf8
28. Nxc8 Rfxc8 29. Ne4 Qa7 30. Rc5 Rxc5 31. Nxc5 Rd8 32. Rd1 Rd5 33. Rd3 Qb6
34. h3 Qc7 35. Kh1 h5 36. Qd1 Qc6 37. Qb3 Bf8 38. Qc4 Be7 39. Qc3 Kg7 40. Ne4
Qb5 41. Qd2 Rd8 42. Nc3 Qc4 43. d5 exd5 44. Rxd5 Rxd5 45. Nxd5 Bh4 46. Qd1 Bg3
47. a4 Bxe5 48. b5 g5 49. b6 g4 50. hxg4 h4 51. b7 h3 52. gxh3 Qe4+ 53. Kg1
Bd4+ 54. Kf1 Qh1+ 55. Ke2 Qg2+ 56. Kd3 Qxd5 57. Qc2 Bf6+ 58. Ke2 Qxb7 59. Qd3
Qb4 60. Qd7 Qe4+ 61. Kd2 Qg2+ 62. Kd3 Qxh3+ 63. Kc4 Qf1+ 64. Kb4 Qa6 65. Kb3
Qe6+ 66. Qxe6 fxe6 67. a5 Bd8 68. a6 Bb6 69. Kc4 Kf6 70. Kb5 Bf2 71. Kc6 Ke7
72. g5 Kf7 73. Kd6 Bg3+ 74. Kc6 Bf2 75. Kd6 Bg3+ 1/2-1/2

[Event "France - Open A"]
[Site "Chartres"]
[Date "2019.08.19"]
[Round "3.22"]
[White "Corgeron, Jean-Luc"]
[Black "Weill, Roland"]
[Result "0-1"]
[WhiteElo "2036"]
[BlackElo "2146"]
[PlyCount "60"]
[EventDate "2019.08.??"]
[EventType "swiss"]
[EventRounds "9"]
[EventCountry "FRA"]
[WhiteTeam "Club Avenir St Georges Section Echecs "]
[BlackTeam "Echiquier Centre Vaucluse "]

1. Nf3 g6 2. c4 Bg7 3. Nc3 c5 4. d4 cxd4 5. Nxd4 Nc6 6. Nxc6 bxc6 7. e4 d6 8.
Be2 Nf6 9. O-O O-O 10. Be3 Qa5 11. a3 Rd8 12. b4 Qc7 13. Rc1 Bb7 14. Qd2 Qd7
15. Rfd1 Ng4 16. Bd4 e5 17. Bc5 Bf8 18. Bxd6 Nxf2 19. Kxf2 Bxd6 20. c5 Bxc5+
21. bxc5 Qxd2 22. Rxd2 Rxd2 23. Rb1 Rd7 24. Ke3 Rad8 25. Na4 Bc8 26. Rb8 Rd4
27. Nb2 Rxe4+ 28. Kxe4 Bf5+ 29. Kxe5 Rxb8 30. Nc4 Re8+ 0-1

[Event "France - Open A"]
[Site "Chartres"]
[Date "2019.08.19"]
[Round "3.23"]
[White "Bernard, Jacques"]
[Black "Kantzer, Romain"]
[Result "1-0"]
[WhiteElo "2140"]
[BlackElo "2034"]
[PlyCount "147"]
[EventDate "2019.08.??"]
[EventType "swiss"]
[EventRounds "9"]
[EventCountry "FRA"]
[WhiteTeam "Evry Grand Roque"]
[BlackTeam "Bischwiller"]

1. e4 c5 2. Nf3 Nc6 3. d4 cxd4 4. Nxd4 e5 5. Nb5 d6 6. N1c3 a6 7. Na3 b5 8. Nd5
Nge7 9. c4 Nd4 10. Be3 Nxd5 11. cxd5 g6 12. Bd3 Bg7 13. O-O O-O 14. Nc2 Nxc2
15. Qxc2 Bd7 16. Qb3 f5 17. exf5 gxf5 18. f4 e4 19. Be2 Qf6 20. Rab1 Rac8 21.
Rfd1 Qg6 22. Bf1 Rfe8 23. Rbc1 Qf6 24. Qa3 Rxc1 25. Rxc1 Rc8 26. Rd1 Ra8 27.
Rd2 Qf8 28. h3 h5 29. Be2 h4 30. Bd1 a5 31. Bf2 Qe7 32. Rc2 b4 33. Qe3 Rc8 34.
Qa7 Rxc2 35. Bxc2 Bf6 36. Be3 Qd8 37. Bb3 Bxb2 38. Kh2 Bc3 39. Qa6 Qe7 40. Qxa5
Qg7 41. Qd8+ Kh7 42. Qxh4+ Kg8 43. Bd1 Bf6 44. Qg3 Bb5 45. Bb3 Kf7 46. Qxg7+
Bxg7 47. Kg3 Bc3 48. Kf2 Bd7 49. Bc4 Kf6 50. Kf1 Ke7 51. g3 Ba4 52. Bb6 Bb2 53.
Ba5 Ba3 54. Ke2 Kd7 55. Kd2 Ke7 56. g4 Bd7 57. Be2 Ba4 58. Bd1 Bb5 59. Be2 Ba4
60. Bc4 Bd7 61. g5 Ba4 62. h4 Be8 63. Kc2 Bh5 64. Bb6 Kd7 65. Bb3 Ke7 66. Bd4
Kd7 67. Kd2 Ke7 68. Bd1 Bf7 69. h5 b3 70. axb3 Bb4+ 71. Ke3 Kf8 72. h6 Bg6 73.
Bh5 Kf7 74. h7 1-0

[Event "France - Open A"]
[Site "Chartres"]
[Date "2019.08.19"]
[Round "3.24"]
[White "Haie, Arnaud"]
[Black "Chartier, Antoine"]
[Result "1-0"]
[WhiteElo "2130"]
[BlackElo "2013"]
[PlyCount "149"]
[EventDate "2019.08.??"]
[EventType "swiss"]
[EventRounds "9"]
[EventCountry "FRA"]
[WhiteTeam "Cavalier de l'Espérance Cercle J.J. Paur"]
[BlackTeam "Le Petit-Roque de Sèvres-Ville d'Avray"]

1. d4 Nf6 2. c4 c5 3. d5 e6 4. Nc3 exd5 5. cxd5 d6 6. e4 g6 7. f4 Bg7 8. Bb5+
Nfd7 9. Be2 Qh4+ 10. g3 Qd8 11. Nf3 O-O 12. O-O Re8 13. Nd2 h5 14. Bf3 a6 15.
a4 Nf6 16. Nc4 Bh3 17. Re1 Ng4 18. Bxg4 Bxg4 19. Qd3 Qc7 20. Kg2 b6 21. Bd2 Ra7
22. f5 gxf5 23. exf5 Rxe1 24. Rxe1 Qd7 25. Rf1 b5 26. Ne3 c4 27. Qe4 b4 28. Na2
Be2 29. Rf2 Bd3 30. Qh4 c3 31. Nxc3 bxc3 32. bxc3 f6 33. Qxh5 Qxa4 34. Rf4 Qd7
35. Rd4 Bb1 36. Qf3 Rb7 37. Nc4 Rb3 38. g4 Qe7 39. Bf4 Qe1 40. Bd2 Qe7 41. Qd1
Rb5 42. Bf4 Nd7 43. Nd2 Ba2 44. c4 Rb2 45. Qc1 Qe2+ 46. Kg3 Rb7 47. Re4 Qd3+
48. Re3 Qd4 49. Ra3 Rb2 50. Be3 Qe5+ 51. Kh3 Nc5 52. Nf3 Qe4 53. Bxc5 Rb1 54.
Qe3 Qxe3 55. Bxe3 Bxc4 56. Nd2 Bf1+ 57. Kg3 Rd1 58. Nxf1 Rxf1 59. Rxa6 Bf8 60.
Ra8 Kf7 61. Ra7+ Ke8 62. h4 Rd1 63. Ra5 Rd3 64. Kf2 Kf7 65. g5 fxg5 66. hxg5
Kg8 67. Kf3 Bg7 68. Ke4 Rd1 69. f6 Bf8 70. Kf5 Rd3 71. Bf4 Rd4 72. g6 Rd3 73.
Ra8 Rxd5+ 74. Ke6 Rd4 75. Rxf8+ 1-0

[Event "France - Open A"]
[Site "Chartres"]
[Date "2019.08.19"]
[Round "3.25"]
[White "Humeau, Mickael"]
[Black "Roux, Baptiste"]
[Result "1/2-1/2"]
[WhiteElo "1993"]
[BlackElo "2130"]
[PlyCount "87"]
[EventDate "2019.08.??"]
[EventType "swiss"]
[EventRounds "9"]
[EventCountry "FRA"]
[WhiteTeam "L'Echiquier Angevin"]
[BlackTeam "Corsica Chess Club"]

1. g4 d5 2. h3 e5 3. d3 Nc6 4. Nf3 h5 5. g5 Be6 6. Nc3 Bb4 7. Bd2 Nge7 8. a3
Bxc3 9. bxc3 Qd7 10. Rb1 O-O-O 11. Qc1 Nf5 12. Qb2 b6 13. h4 f6 14. Bg2 Rhe8
15. e3 e4 16. Nd4 Nfxd4 17. cxd4 exd3 18. cxd3 Bf5 19. Qc3 fxg5 20. hxg5 Qd6
21. Rc1 Kb7 22. Kd1 Qg6 23. Kc2 Qxg5 24. Bf3 Bg4 25. Kb1 Rd6 26. e4 Qg6 27.
Bxg4 hxg4 28. e5 Rd7 29. Rhg1 Re6 30. Rg2 Na5 31. Qc2 Rc6 32. Bc3 Rf7 33. Rg3
Rf3 34. Rxf3 gxf3 35. Qd1 Qh6 36. Bxa5 bxa5 37. Rxc6 Qxc6 38. Qxf3 Qb6+ 39. Kc2
Qxd4 40. e6 Qe5 41. Qf7 d4 42. Kd2 Qg5+ 43. Ke2 Qg4+ 44. Kd2 1/2-1/2

[Event "France - Open A"]
[Site "Chartres"]
[Date "2019.08.19"]
[Round "3.26"]
[White "Droin, Augustin"]
[Black "Labrande, Theodore"]
[Result "1-0"]
[WhiteElo "2128"]
[BlackElo "1996"]
[PlyCount "55"]
[EventDate "2019.08.??"]
[EventType "swiss"]
[EventRounds "9"]
[EventCountry "FRA"]
[WhiteTeam "Nomad' Echecs"]
[BlackTeam "La Tour Saint Pierroise"]

1. e4 c5 2. Nf3 Nc6 3. Bb5 d6 4. O-O Bd7 5. Re1 Nf6 6. c3 a6 7. Bc4 b5 8. Bf1
Bg4 9. a4 Rb8 10. axb5 axb5 11. d4 Bxf3 12. gxf3 c4 13. b3 cxb3 14. Qxb3 Qb6
15. Be3 Na5 16. Qa2 Nc4 17. Bxc4 bxc4 18. Qxc4 g6 19. Nd2 Qd8 20. Ra7 Bg7 21.
Qa4+ Kf8 22. Rb1 Rc8 23. c4 Nh5 24. Rbb7 Bf6 25. f4 Kg7 26. e5 dxe5 27. fxe5
Bh4 28. Nf3 1-0

[Event "France - Open A"]
[Site "Chartres"]
[Date "2019.08.19"]
[Round "3.27"]
[White "Van Den Brande, Norman"]
[Black "Gollain, Marc"]
[Result "1/2-1/2"]
[WhiteElo "1994"]
[BlackElo "2115"]
[PlyCount "61"]
[EventDate "2019.08.??"]
[EventType "swiss"]
[EventRounds "9"]
[EventCountry "FRA"]
[WhiteTeam "Maison des Echecs Toulouse Lardenne"]
[BlackTeam "Malakoff et Mat"]

1. d4 Nf6 2. c4 e6 3. Nf3 d5 4. g3 dxc4 5. Qc2 Nbd7 6. Bg2 c5 7. Qxc4 a6 8. O-O
b5 9. Qc2 Bb7 10. a4 Rc8 11. dxc5 Bxc5 12. Qb3 Qb6 13. axb5 Bxf2+ 14. Kh1 O-O
15. Nc3 Bc5 16. Bf4 Be7 17. Qa4 Nc5 18. Qa5 Qxa5 19. Rxa5 Nb3 20. Ra4 axb5 21.
Ra7 Bxf3 22. Bxf3 Bc5 23. Rb7 Nd4 24. Nxb5 Nxf3 25. Rxf3 Nd5 26. Bd6 Bxd6 27.
Nxd6 Rc7 28. e4 Rxb7 29. Nxb7 Nf6 30. Nd6 Rb8 31. b3 1/2-1/2

[Event "France - Open A"]
[Site "Chartres"]
[Date "2019.08.19"]
[Round "3.28"]
[White "Trouve, Guillaume"]
[Black "Steibel, Julien"]
[Result "0-1"]
[WhiteElo "2114"]
[BlackElo "1993"]
[PlyCount "136"]
[EventDate "2019.08.??"]
[EventType "swiss"]
[EventRounds "9"]
[EventCountry "FRA"]
[WhiteTeam "Mulhouse Philidor"]
[BlackTeam "Bischwiller"]

1. e4 c5 2. Nf3 d6 3. d4 cxd4 4. Nxd4 Nf6 5. Nc3 g6 6. Be3 Bg7 7. f3 O-O 8. Qd2
Nc6 9. Bc4 Bd7 10. O-O-O Rc8 11. Bb3 Nxd4 12. Bxd4 b5 13. Nd5 Nxd5 14. Bxg7
Kxg7 15. exd5 a5 16. a3 Qb6 17. g4 h5 18. h3 Rc7 19. Qd4+ Qxd4 20. Rxd4 hxg4
21. hxg4 f5 22. Re1 Kf7 23. Rh1 Kg7 24. c3 fxg4 25. fxg4 Rf2 26. Re1 Bc8 27. a4
b4 28. c4 Ba6 29. Ree4 Bc8 30. Bd1 Kf6 31. b3 Kg5 32. Be2 Rg2 33. Kd2 Rg3 34.
Bd1 Bb7 35. Re6 Bc8 36. Re3 Rg2+ 37. Ke1 Rh2 38. Kf1 Rh7 39. Kg2 Bb7 40. Kg3
Rc8 41. Bf3 Rf8 42. c5 e5 43. Rd2 Rd8 44. cxd6 Rxd6 45. Rxe5+ Kf6 46. Kf4 Rh4
47. Rde2 Bc8 48. Re8 Bd7 49. Rd8 Rh3 50. Re6+ Rxe6 51. dxe6 g5+ 52. Ke4 Bc6+
53. Kd4 Rxf3 54. Kc5 Rc3+ 55. Kb6 Kxe6 56. Kxa5 Rxb3 57. Rg8 Kf6 58. Rf8+ Kg6
59. Rc8 Bf3 60. Rc4 Kf6 61. Kb6 Ke5 62. a5 Bd5 63. Rc5 Ra3 64. a6 b3 65. Rb5
Kd6 66. a7 Ra2 67. Rb4 b2 68. Rb5 Be4 0-1

[Event "France - Open A"]
[Site "Chartres"]
[Date "2019.08.19"]
[Round "3.29"]
[White "Gautier, Joel"]
[Black "Caloone, Thomas"]
[Result "0-1"]
[WhiteElo "1975"]
[BlackElo "2111"]
[PlyCount "100"]
[EventDate "2019.08.??"]
[EventType "swiss"]
[EventRounds "9"]
[EventCountry "FRA"]
[WhiteTeam "Ass des joueurs d'Echecs du Barreau de Paris"]
[BlackTeam "Lille Université Club Echiquier du Nord"]

1. e4 e5 2. Bc4 Nc6 3. Nf3 Bc5 4. d3 Nf6 5. Bb3 h6 6. c3 O-O 7. Nbd2 d5 8. Qe2
dxe4 9. dxe4 Qe7 10. h3 Nh5 11. g3 a5 12. Nh4 Nf4 13. gxf4 Qxh4 14. Nf3 Qf6 15.
f5 a4 16. Bc2 b6 17. Bd2 Rd8 18. Bd3 Qd6 19. Bc4 Na5 20. O-O-O Nxc4 21. Bg5
hxg5 22. Rxd6 Nxd6 23. Nxg5 Ba6 24. Qh5 Bxf2 25. Qh7+ Kf8 26. Qh8+ Ke7 27. Qxg7
Be3+ 28. Kb1 Bxg5 29. Qxg5+ f6 30. Qg7+ Nf7 31. Qg1 Rg8 32. Qd1 Bb7 33. Re1 Nd6
34. Qf3 Rg1 35. Qf2 Rxe1+ 36. Qxe1 Bxe4+ 37. Kc1 Bxf5 38. Qg3 Rh8 39. h4 Kf7
40. b3 axb3 41. axb3 Be6 42. b4 Nb5 43. Qf3 Rxh4 44. Qc6 Rc4 45. Qf3 Nd6 46.
Qh5+ Ke7 47. Qh7+ Bf7 48. Kb2 Nb5 49. Qd3 Nxc3 50. Qe3 Nd1+ 0-1

[Event "France - Open A"]
[Site "Chartres"]
[Date "2019.08.19"]
[Round "3.30"]
[White "Emmenecker, Philippe"]
[Black "Trabet, Mathis"]
[Result "1-0"]
[WhiteElo "2098"]
[BlackElo "1989"]
[PlyCount "45"]
[EventDate "2019.08.??"]
[EventType "swiss"]
[EventRounds "9"]
[EventCountry "FRA"]
[WhiteTeam "Issy-Les-Moulineaux"]
[BlackTeam "Echecs Club de Corbas"]

1. d4 Nf6 2. c4 c5 3. d5 b5 4. Bg5 bxc4 5. Nc3 d6 6. Nf3 Nbd7 7. e4 g6 8. Bxc4
Bg7 9. O-O O-O 10. h3 Nb6 11. Be2 e6 12. a4 Rb8 13. a5 Na8 14. e5 dxe5 15. Nxe5
Bd7 16. Ne4 Rxb2 17. Bxf6 Bxf6 18. Nxf6+ Kg7 19. Nexd7 Rh8 20. d6 h5 21. Bf3
Rh6 22. Qc1 Rb5 23. Qc3 1-0

[Event "France - Open A"]
[Site "Chartres"]
[Date "2019.08.19"]
[Round "3.31"]
[White "Boulos, Carlos"]
[Black "Haberthur, Maxime"]
[Result "1-0"]
[WhiteElo "2078"]
[BlackElo "1985"]
[PlyCount "37"]
[EventDate "2019.08.??"]
[EventType "swiss"]
[EventRounds "9"]
[EventCountry "FRA"]
[WhiteTeam "J.E.E.N."]
[BlackTeam "Echiquier Clermontois Arverne - ECA"]

1. e4 c6 2. d4 d5 3. exd5 cxd5 4. Bd3 Nc6 5. c3 Qc7 6. Ne2 Bg4 7. f3 Bh5 8. Bf4
Qd7 9. O-O e6 10. a4 Bg6 11. Ng3 Nf6 12. Be5 Bxd3 13. Qxd3 Nxe5 14. dxe5 Bc5+
15. Kh1 Ng8 16. Nd2 Ne7 17. Nh5 O-O 18. Ne4 Qc7 19. Nef6+ 1-0

[Event "France - Open A"]
[Site "Chartres"]
[Date "2019.08.19"]
[Round "3.32"]
[White "Rode, Antony"]
[Black "Herault, Theotime"]
[Result "1-0"]
[WhiteElo "2076"]
[BlackElo "1980"]
[PlyCount "55"]
[EventDate "2019.08.??"]
[EventType "swiss"]
[EventRounds "9"]
[EventCountry "FRA"]
[WhiteTeam "Club d'Echecs du Vesinet"]
[BlackTeam "Echecs Club de Corbas"]

1. e4 Nf6 2. e5 Nd5 3. d4 d6 4. c4 Nb6 5. exd6 cxd6 6. Nc3 g6 7. h3 Bg7 8. Nf3
O-O 9. Be2 Nc6 10. O-O Bf5 11. Bg5 h6 12. Be3 d5 13. c5 Nc4 14. Bc1 e5 15. dxe5
Be6 16. Bxc4 dxc4 17. Bf4 Qa5 18. Ne4 Rad8 19. Qc1 g5 20. Bxg5 hxg5 21. Qxg5 f6
22. exf6 Rd7 23. Qg6 Qd8 24. fxg7 Rxf3 25. Qxe6+ Rff7 26. Nd6 Rxd6 27. cxd6 Qg5
28. d7 1-0

[Event "France - Open A"]
[Site "Chartres"]
[Date "2019.08.19"]
[Round "3.33"]
[White "Denninger, Guilhem"]
[Black "Brouard, Gregoire"]
[Result "1-0"]
[WhiteElo "2072"]
[BlackElo "1979"]
[PlyCount "89"]
[EventDate "2019.08.??"]
[EventType "swiss"]
[EventRounds "9"]
[EventCountry "FRA"]
[WhiteTeam "Echecs Club Montpellier"]
[BlackTeam "J.E.E.N."]

1. c4 Nf6 2. Nc3 c5 3. Nf3 d5 4. cxd5 Nxd5 5. g3 Nc6 6. Bg2 Nc7 7. d3 e5 8. O-O
Be7 9. Nd2 O-O 10. Nc4 f6 11. f4 exf4 12. gxf4 f5 13. Be3 Be6 14. Rc1 Nd5 15.
Bd2 Rc8 16. Ne3 Nxe3 17. Bxe3 Rf6 18. Rf3 Nd4 19. Rg3 b6 20. Bf2 Rh6 21. e3 Nc6
22. d4 Bh4 23. d5 Bxg3 24. hxg3 Bd7 25. dxc6 Bxc6 26. Bxc6 Rhxc6 27. Qxd8+ Rxd8
28. Nb5 a6 29. Nd4 Rcd6 30. Nxf5 Rd1+ 31. Rxd1 Rxd1+ 32. Kg2 Rd2 33. Kf3 Rxb2
34. Ne7+ Kf7 35. Nd5 b5 36. e4 c4 37. f5 Rxa2 38. e5 c3 39. e6+ Ke8 40. Bc5 c2
41. f6 gxf6 42. Nxf6+ Kd8 43. e7+ Kc7 44. e8=Q c1=Q 45. Nd5+ 1-0

[Event "France - Open A"]
[Site "Chartres"]
[Date "2019.08.19"]
[Round "3.34"]
[White "Labandibar, Benoit"]
[Black "Bourges, Jerome"]
[Result "1-0"]
[WhiteElo "2059"]
[BlackElo "1962"]
[PlyCount "73"]
[EventDate "2019.08.??"]
[EventType "swiss"]
[EventRounds "9"]
[EventCountry "FRA"]
[WhiteTeam "MJC Chécy"]
[BlackTeam "USAM Echiquier Brestois"]

1. d4 f5 2. Nc3 Nf6 3. Bg5 d5 4. Nf3 e6 5. e3 Be7 6. Ne5 Nbd7 7. f4 Nxe5 8.
fxe5 Ne4 9. Nxe4 fxe4 10. Bf4 O-O 11. Qg4 c5 12. Be2 cxd4 13. O-O Kh8 14. exd4
Bd7 15. c3 b5 16. a3 a5 17. h4 Bxh4 18. g3 Be7 19. Kg2 Qe8 20. Rh1 Qf7 21.
Rxh7+ Kxh7 22. Rh1+ Kg8 23. Qh3 Bh4 24. Qxh4 Qf5 25. Bg4 Qg6 26. Bg5 Rf5 27.
Bd8 Rf3 28. Qh8+ Kf7 29. Bh5 Rxg3+ 30. Kf1 b4 31. Bxg6+ Rxg6 32. Rh4 Bb5+ 33.
Kf2 e3+ 34. Kxe3 Rg1 35. Qh5+ Kg8 36. Rf4 Rg3+ 37. Kf2 1-0

[Event "France - Open A"]
[Site "Chartres"]
[Date "2019.08.19"]
[Round "3.35"]
[White "Dube, Dimitri"]
[Black "Azymah, Remy"]
[Result "0-1"]
[WhiteElo "2056"]
[BlackElo "1957"]
[PlyCount "56"]
[EventDate "2019.08.??"]
[EventType "swiss"]
[EventRounds "9"]
[EventCountry "FRA"]
[WhiteTeam "Echiquier Tourangeau"]
[BlackTeam "Evry Grand Roque"]

1. c3 Nf6 2. g3 g6 3. Bg2 Bg7 4. Nf3 O-O 5. O-O d5 6. d3 c5 7. Nbd2 Nc6 8. e4
e5 9. Re1 Qc7 10. Rb1 a5 11. b3 Rd8 12. Qc2 h6 13. a3 Be6 14. b4 axb4 15. axb4
dxe4 16. dxe4 Ra2 17. Rb2 cxb4 18. cxb4 Rxb2 19. Bxb2 Qb6 20. Bc3 Ng4 21. Nf1
Nd4 22. Qb2 Ra8 23. Ne3 Ra2 24. Qxa2 Bxa2 25. Nxg4 Qb5 26. Nxd4 exd4 27. Bd2 h5
28. Nh6+ Kh7 0-1